1618 1091 1935 1298 1425 1632 1095 1751 1076 1704 1454 1067 1498 1108 1451 1681 1913 1177 1625 1542 1663 1893 1609 1441 1216 1137 1618 1167 1671 1242 1535 1189 1696 1294 1843 1370 1010 1264 1907 1305 1849 1794 1649 1582 1236 1440 1748 1218 1997 1765 1348 1344 1397 1979 1313 1427 1727 1629 1180 1695 1035 1188 1765 1228 1920 1600 1127 1627 1552 1829 1890 1027 1475 1992 1867 1073 1822 1687 1669 1348 1907 1856 1891 1559 1087 1308 1643 1593 1991 1774 1271 1761 1109 1680 1361 1367 1976 1302 1705 BCNSPRNW ULIB Ver.6.0+V

เปลี่ยนเป็นภาษาไทย

Change to English
 แสดงรายละเอียดบรรณานุกรม
  กลับหน้าหลัก

Brief Record : Get Marc (ISO 2709) : E-mail record : QR code < ปิดหน้าต่าง
LEADER : 00000nam 2200000uu 4500
001    13399107860
003     ULIB
008    110208s2547||||th 000 0 tha d
060  4 ^aWY200^bพ796ค 2547
100 0  ^aพีระ เรืองฤทธิ์
245 00 ^aคู่มือการวินิจฉัยการพยาบาลครอบครัว/^cพีระ เรืองฤทธิ์
260    ^aนครสวรรค์ :^bวิทยาลัยพยาบาลบรมราชชนนี สวรรค์ประชารักษ์ นครสวรรค์^c2547
300    73 หน้า
650  7 การพยาบาลครอบครัว
945    ^p0^l0^i016893
945    ^p0^l0^i016896
945    ^p0^l0^i021885
945    ^p0^l0^i018235
945    ^p0^l0^i018239
945    ^p0^l0^i016898
945    ^p0^l0^i016895
945    ^p0^l0^i018240
945    ^p0^l0^i018241
945    ^p0^l0^i018238
945    ^p0^l0^i018236
945    ^p0^l0^i018237
945    ^p0^l0^i016891
945    ^p0^l0^i016892
995    เกษร
999 ^a ใช้งานได้ทุกระบบ
รายการนี้ยังไม่มีแท็ก
คุณยังไม่ได้ล็อกอิน คุณสามารถมีกิจกรรมร่วมกับเว็บไซต์ได้ แต่ต้องล็อกอินก่อน ::
  ล็อกอิน

รายการสื่อสารสนเทศ

ลำดับที่ ประเภท เลขเรียก/บาร์โค้ด สถานที่ สถานะ
- ไม่พบข้อมูล -

รายการใกล้เคียง
    ผู้แต่ง [พีระ เรืองฤทธิ์]

    หัวเรื่อง [การพยาบาลครอบครัว]

BibComment


ยังไม่เคยถูกคอมเมนท์

คอมเมนท์ทรัพยากรรายการนี้
  คอมเมนท์: คู่มือการวินิจฉั..

สมาชิกที่บันทึกรายการนี้ไว้ในรายการโปรด
นายขวัญชัย ส่างแก้ว

 Copyright 2026. Bcnsprnw @Library